| 000 | 00524cam a22001457a 4500 | ||
|---|---|---|---|
| 008 | 180718b2004 xxu||||| |||| 00| 0 eng d | ||
| 082 | _aAPPPA 2003-04 KAM/17 | ||
| 100 | _aKamila, Santosh Kumar | ||
| 245 |
_aRole of India post in rural development _cby Santosh Kumar Kamila |
||
| 260 |
_aNew Delhi _bIndian Institute of Public Administration _c2004 |
||
| 300 | _a154p. | ||
| 500 | _aAn APPPA M.Phil dissertation, 2003-04 (Guide: Dr. Sujata Singh) | ||
| 650 | _aRural development - India | ||
| 650 | _aPostal services - India | ||
| 999 |
_c492925 _d492925 |
||